京成電鉄の駅(五十音順) - Statistics

General Stats
  • This quiz has been taken 37 times
  • The average score is 69 of 91
Answer Stats
頭文字 路線 駅名 % Correct
押上線 押上
96%
本線 京成上野
96%
本線 京成佐倉
96%
本線/金町線/成田空港線 京成高砂
96%
千葉線 京成千葉
96%
本線/千葉線/松戸線 京成津田沼
96%
本線/東成田線 京成成田
96%
本線 京成船橋
96%
本線 京成八幡
96%
本線/押上線 青砥
92%
本線 お花茶屋
92%
金町線 京成金町
92%
本線 京成西船
92%
本線/成田空港線 成田空港
92%
松戸線 松戸
92%
本線 大佐倉
88%
本線 勝田台
88%
本線 京成臼井
88%
本線 京成酒々井
88%
押上線 京成立石
88%
本線 京成中山
88%
押上線 京成曳舟
88%
千葉線 京成幕張
88%
千原線 ちはら台
88%
成田空港線 成田湯川
88%
本線 市川真間
83%
成田空港線 印旛日本医大
83%
本線 江戸川
83%
本線 京成大和田
83%
本線 京成関屋
83%
千葉線 京成幕張本郷
83%
本線 国府台
83%
金町線 柴又
83%
本線 宗吾参道
83%
東成田線 東成田
83%
本線 船橋競馬場
83%
本線 堀切菖蒲園
83%
本線 ユーカリが丘
83%
押上線 四ツ木
83%
本線/成田空港線 空港第2ビル
83%
本線 京成大久保
79%
松戸線/成田空港線 新鎌ヶ谷
79%
本線 新三河島
79%
千葉線/千原線 千葉中央
79%
本線 日暮里
79%
成田空港線 東松戸
79%
千原線 おゆみ野
75%
本線 海神
75%
松戸線 北習志野
75%
千葉線 京成稲毛
75%
本線 京成小岩
75%
松戸線 新津田沼
75%
本線 千住大橋
75%
千葉線 西登戸
75%
松戸線 松戸新田
75%
本線 八千代台
75%
松戸線 八柱
75%
本線 公津の杜
71%
本線 大神宮下
71%
成田空港線 千葉ニュータウン中央
71%
本線 東中山
71%
松戸線 薬園台
71%
本線 谷津
71%
押上線 八広
71%
本線 鬼越
67%
松戸線 鎌ヶ谷大仏
67%
千葉線 新千葉
67%
本線 菅野
67%
松戸線 高根木戸
67%
松戸線 高根公団
67%
松戸線 習志野
67%
本線 町屋
67%
本線 実籾
67%
千原線 学園前
63%
千葉線 検見川
63%
千原線 千葉寺
63%
松戸線 初富
63%
松戸線 前原
63%
松戸線 くぬぎ山
58%
本線 志津
58%
松戸線 北初富
54%
松戸線 五香
54%
松戸線 滝不動
54%
松戸線 二和向台
54%
松戸線 三咲
54%
千葉線 みどり台
54%
松戸線 みのり台
54%
千原線 大森台
50%
松戸線 上本郷
50%
松戸線 常盤平
50%
松戸線 元山
46%
No matching quizzes found
Score Distribution
Percent of People with Each Score
Percentile by Number Answered
Your Score History
You have not taken this quiz